Movie leads - Statistics

General Stats
  • This quiz has been taken 27 times
  • The average score is 12 of 15
Answer Stats
Hint Answer % Correct
Rocky (1976) Sylvester Stallone
100%
Top Gun (1986) Tom Cruise
100%
Forrest Gump (1994) Tom Hanks
100%
Men in Black (1997) Will Smith
100%
Saturday Night Fever (1977) John Travolta
95%
Breakfast at Tiffany's (1961) Audrey Hepburn
86%
Raiders of the Lost Ark (1981) Harrison Ford
86%
The Wizard of Oz (1939) Judy Garland
86%
Beverly Hills Cop (1984) Eddie Murphy
82%
Gentlemen Prefer Blondes (1953) Marilyn Monroe
77%
Ben Hur (1959) Charlton Heston
73%
Ace Ventura, Pet Detective 1994) Jim Carrey
73%
Enter the Dragon (1973) Bruce Lee
68%
Lawrence of Arabia (1962) Peter O'Toole
64%
Everything Everywhere All at Once (2022) Michelle Yeoh
45%
No matching quizzes found
Score Distribution
Percent of People with Each Score
Percentile by Number Answered
Your Score History
You have not taken this quiz